000 00403nam a2200145 i 4500
001 bg
100 1 _aZIELONKO, Romuald
245 0 _aMetody pomiarowo- diagnostyczne analogowych układów elektronicznych /
_cR.Zielonko,A.Królikowski.
260 _aWarszawa,
_c1988.
700 1 _aKRÓLIKOWSKI, Andrzej
040 _cBPK
041 _apol
942 _cKS
008 s pl f |000 0 pol
999 _c28484
_d28484
856 _uhttp://koha.tu.koszalin.pl/cgi-bin/koha/opac-detail.pl?biblionumber=28484
_yKatalog online BPK